|
|
|
|
| LEADER |
00000nam a22000007a 4500 |
| 005 |
20190712003538.0 |
| 007 |
cr|||| |||| |
| 008 |
190712s2019 br |||||s|||| 00||0 por d |
| 020 |
|
|
|a 978-85-7789-432-1
|
| 035 |
|
|
|a 23814
|
| 040 |
|
|
|a vLex
|
| 090 |
|
|
|c 9026
|d 9026
|
| 100 |
1 |
|
|a Pagliusi Rodrigues, Daniel C.
|
| 245 |
1 |
1 |
|a A Constituiȯ̂ Balzaquiana
|h [Recurso electrn̤ico] /
|c Daniel C. Pagliusi Rodrigues
|
| 256 |
|
|
|a Servicio en ln̕ea
|
| 260 |
|
|
|a San Pablo:
|b JH Mizuno,
|c 2019
|
| 300 |
|
|
|a 1 recurso electrn̤ico
|
| 500 |
|
|
|a "O escritor francs̊ Honor ̌de Balzac, no sčulo XIX, publicou sua principal obra: “A mulher de 30 anos”. No dia 05 de outubro de 2018 foi nossa Constituiȯ̂ que se tornou balzaquiana, completando 30 anos de idade. Um marco em nosso instv̀el e frg̀il histr̤ico constitucional. Nô ̌possv̕el dizer que nossa Constituiȯ̂ ̌a mesma desde a sua promulgaȯ̂. Com 99 Emendas Constitucionais j ̀aprovadas e mais 6 Emendas de Revisô, seu perfil j ̀nô ̌exatamente o mesmo de sua promulgaȯ̂. A “Constituiȯ̂ cidad̂” – como batizada por Ulysses Guimarês – se alterou. No entanto, sua personalidade social e democrt̀ica ainda sobressai de seu texto, espraiando-se por todo o Direito positivo. As principais temt̀icas jurd̕icas foram constitucionalizadas. O objetivo que inspirou os autores foi exatamente demonstrar essa tn̥ica, trazendo para o debate grandes queste̳s jurd̕icas, dos mais diversos ramos do Direito, sempre com o viš de sua abordagem constitucional. Espera-se, com essa obra, contribuir, de alguma forma, para que o espr̕ito e o ideal que inspirou a promulgaȯ̂ de nossa Constituiȯ̂ sejam renovados na aurora de sua trigšima primavera e que a forȧ normativa de nossa “balzaquiana” alcance, de fato, sua maturidade e se torne uma forȧ real, concreta."
|
| 506 |
1 |
|
|a Disponible solo en los productos indicados
|d vLex Global
|d vLex Global (Academic Edition, excluding Law Schools)
|d vLex Global (U.S. Academic Edition, Law Schools)
|d vLex Global (U.S. Academic Edition, excluding Law Schools)
|d vLex Global (Academic Edition, Law Schools)
|
| 650 |
0 |
4 |
|a Derecho Constitucional
|z Brasil
|
| 740 |
0 |
|
|a vLex Libros (Servicio en ln̕ea)
|
| 856 |
4 |
0 |
|u http://vlex.com/source/constitui-o-balzaquiana-23814
|z Acceso restringido
|
| 942 |
|
|
|c BOOK
|
| 999 |
0 |
|
|a Constitutional right
|